000 00425nam a2200169Ia 4500
008 230711s9999||||xx |||||||||||||| ||und||
020 _a0-19-806229-x
041 _aENG
082 _a621.3
_bSA-P
100 _aSadiku,Matthew.N.O
245 0 _aPrinciples of electromagnetics
250 _a4th Ed.
260 _c2009
_aNew Delhi
_bOxford University Press
300 _a734
650 _aElectrical Engineering
942 _cBK
999 _c5487
_d5487